Fabio Herrera : viaje a Canarias y Marrakech (Record no. 901)
[ view plain ]
| 000 -LEADER | |
|---|---|
| campo de control de longitud fija | 00960nam a22001937a 4500 |
| 008 - DATOS DE LONGITUD FIJA--INFORMACIÓN GENERAL | |
| campo de control de longitud fija | 160511b xxu||||| |||| 00| 0 eng d |
| 020 ## - NÚMERO INTERNACIONAL ESTÁNDAR DEL LIBRO | |
| Número Internacional Estándar del Libro | 9977966036 |
| 020 ## - NÚMERO INTERNACIONAL ESTÁNDAR DEL LIBRO | |
| Número Internacional Estándar del Libro | 9789977966038 |
| 082 ## - NÚMERO DE LA CLASIFICACIÓN DECIMAL DEWEY | |
| Número de clasificación | 759.972.86 |
| Número de ítem | H565vi |
| 100 ## - ENTRADA PRINCIPAL--NOMBRE DE PERSONA | |
| Nombre de persona | Fabio Herrera; Nicolette Pegels Rojas; Ulrich Pegels |
| 9 (RLIN) | 4952 |
| 110 ## - ENTRADA PRINCIPAL--NOMBRE DE ENTIDAD CORPORATIVA | |
| Nombre de entidad corporativa o nombre de jurisdicción como elemento de entrada | Colección Pegels-Rojas de Arte Contemporaneo Costarricense |
| 9 (RLIN) | 4953 |
| 245 ## - MENCIÓN DEL TÍTULO | |
| Título | Fabio Herrera : viaje a Canarias y Marrakech |
| Resto del título | pinturas realizadas en su estancia en Gran Canaria y Marrakech en verano de 1998 |
| Mención de responsabilidad, etc. | Fabio Herrera; Nicolette Pegels Rojas; Ulrich Pegels |
| 260 ## - PUBLICACIÓN, DISTRIBUCIÓN, ETC. | |
| Lugar de publicación, distribución, etc. | San José, C.R |
| Nombre del editor, distribuidor, etc. | Litografía e Impr. Imperial [S.l.] Ed |
| Fecha de publicación, distribución, etc. | Colección Pegels-Rojas de Arte Contemporaneo Costarricense 2000 |
| 300 ## - DESCRIPCIÓN FÍSICA | |
| Extensión | 32 pag |
| Otras características físicas | il.col |
| Dimensiones | 28 cm |
| 650 ## - PUNTO DE ACCESO ADICIONAL DE MATERIA--TÉRMINO DE MATERIA | |
| Término de materia o nombre geográfico como elemento de entrada | Herrera Martinez, Fabio. 1954 |
| Subdivisión de forma | Pintura Costarricense |
| Subdivisión general | Pintores Costarricenses |
| Subdivisión geográfica | Arte-Costa Rica |
| 9 (RLIN) | 4954 |
| 700 ## - ENTRADA AGREGADA--NOMBRE PERSONAL | |
| Nombre de persona | Fabio Herrera |
| 9 (RLIN) | 4940 |
| 700 ## - ENTRADA AGREGADA--NOMBRE PERSONAL | |
| Nombre de persona | Nicolette Pegels Rojas |
| 9 (RLIN) | 4955 |
| 700 ## - ENTRADA AGREGADA--NOMBRE PERSONAL | |
| Nombre de persona | Ulrich Pegels |
| 9 (RLIN) | 4956 |
| Estatus retirado | Estado de pérdida | Fuente del sistema de clasificación o colocación | Estado de daño | No para préstamo | Biblioteca de origen | Biblioteca actual | Ubicación en estantería | Fecha de adquisición | Total de préstamos | Signatura topográfica completa | Código de barras | Visto por última vez | Precio de reemplazo | Tipo de ítem Koha |
|---|---|---|---|---|---|---|---|---|---|---|---|---|---|---|
| Clasificación Decimal Dewey | Biblioteca LadoV | Biblioteca LadoV | 11/05/2016 | 759.972.86 H565vi | 000825 | 11/05/2016 | 11/05/2016 | Material 01 |
